[Event "17MCR_PFA"]
[Site "?"]
[Date "2003.??.??"]
[Round "?"]
[White "Kuta, Jiri"]
[Black "Jakimic, Viktor"]
[Result "1/2-1/2"]
[WhiteElo "2305"]
[BlackElo "2135"]
[PlyCount "71"]
[EventDate "2003.??.??"]
[EventType "corr"]
[EventRounds "1"]
[SourceDate "2005.10.25"]

1. d4 d5 2. c4 c6 3. Nf3 Nf6 4. Nc3 e6 5. Bg5 h6 6. Bxf6 Qxf6 7. e3 Nd7 8. Bd3
dxc4 9. Bxc4 g6 10. O-O Bg7 11. Rc1 O-O 12. e4 e5 13. d5 Nb6 14. dxc6 bxc6 15.
Be2 a5 16. Na4 Nxa4 17. Qxa4 Rb8 18. b3 Rb4 19. Qxa5 Rxe4 20. Rfe1 Bf5 21. Qb6
Rc8 22. a3 c5 23. Qb7 Bf8 24. Bc4 Rxe1+ 25. Rxe1 Bd6 26. Nd2 Rd8 27. Ne4 Bxe4
28. Rxe4 Rb8 29. Qc6 Qe7 30. h4 Kg7 31. h5 gxh5 32. g3 f5 33. Rh4 Kg6 34. Qh1
Qg5 35. Qf3 Rf8 36. Qd5 1/2-1/2

[Event "17MCR_PFA"]
[Site "?"]
[Date "2003.??.??"]
[Round "?"]
[White "Vondracek, Emil"]
[Black "Toman, Antonin"]
[Result "1/2-1/2"]
[WhiteElo "2275"]
[BlackElo "2205"]
[PlyCount "91"]
[EventDate "2003.??.??"]
[EventType "corr"]
[EventRounds "1"]
[SourceDate "2005.10.25"]

1. e4 c5 2. Nc3 Nc6 3. f4 g6 4. Nf3 Bg7 5. Bb5 Nd4 6. Bd3 d6 7. Nxd4 cxd4 8.
Ne2 Qb6 9. a4 Nf6 10. a5 Qc5 11. b3 O-O 12. Bb2 Bg4 13. h3 Bxe2 14. Qxe2 b5 15.
O-O Rac8 16. Qf2 Nd7 17. Qh4 Bf6 18. Qf2 a6 19. Ba3 Qc7 20. Bb2 Qc5 21. g4 Bg7
22. g5 Nb8 23. h4 Nc6 24. Ba3 Qa7 25. h5 Qc7 26. b4 e6 27. Qh4 Ne7 28. Rae1 d5
29. hxg6 fxg6 30. Qg4 Qd7 31. exd5 Nxd5 32. Qxe6+ Qxe6 33. Rxe6 Nxf4 34. Rxa6
Nxd3 35. cxd3 Rc2 36. Rb6 Ra2 37. Bc1 Rxf1+ 38. Kxf1 Rc2 39. Rxb5 Rxc1+ 40. Kg2
Ra1 41. Rb6 Bf8 42. a6 Bxb4 43. Rxb4 Rxa6 44. Rxd4 Ra5 45. Rg4 Kf7 46. d4
1/2-1/2

[Event "17MCR_PFA"]
[Site "?"]
[Date "2003.??.??"]
[Round "?"]
[White "Prchly, Milos"]
[Black "Geryk, Miroslav"]
[Result "1-0"]
[WhiteElo "2270"]
[BlackElo "2235"]
[PlyCount "71"]
[EventDate "2003.??.??"]
[EventType "corr"]
[EventRounds "1"]
[SourceDate "2005.10.25"]

1. d4 Nf6 2. c4 e6 3. Nc3 Bb4 4. e3 O-O 5. Bd3 c5 6. Nf3 d5 7. O-O dxc4 8. Bxc4
cxd4 9. exd4 b6 10. Bg5 Bb7 11. Re1 Nbd7 12. Rc1 Rc8 13. Bd3 Re8 14. Qe2 Bxc3
15. bxc3 Qc7 16. Bh4 Nh5 17. Qe3 Ndf6 18. Bg3 Nxg3 19. hxg3 Nd5 20. Qd2 Red8
21. c4 Nf6 22. Ne5 Qd6 23. Rcd1 Kf8 24. Be2 Nd7 25. Nxd7+ Rxd7 26. d5 Rcd8 27.
Bg4 Rc7 28. Qc2 exd5 29. Qxh7 Qh6 30. Qd3 Qf6 31. cxd5 Rxd5 32. Qa3+ Rdc5 33.
Qxa7 g6 34. Qa3 Kg7 35. Rd2 Rc2 36. Qd3 1-0

[Event "17MCR_PFA"]
[Site "?"]
[Date "2003.??.??"]
[Round "?"]
[White "Novak, Vratislav"]
[Black "Javorsky, Jan"]
[Result "1/2-1/2"]
[WhiteElo "2265"]
[BlackElo "2245"]
[PlyCount "56"]
[EventDate "2003.??.??"]
[EventType "corr"]
[EventRounds "1"]
[SourceDate "2005.10.25"]

1. e4 c5 2. Nf3 e6 3. b3 Nc6 4. Bb5 Nge7 5. O-O a6 6. Bxc6 Nxc6 7. Bb2 b5 8. c4
bxc4 9. bxc4 Rb8 10. Bc3 Qc7 11. d3 d6 12. Na3 e5 13. Nc2 Be7 14. Ne3 Qd7 15.
Nd5 Bd8 16. Nd2 O-O 17. f4 exf4 18. Nxf4 Ne5 19. Nf3 Bf6 20. Nd5 Nxf3+ 21. Qxf3
Bxc3 22. Nxc3 Qe8 23. Qg3 Qe5 24. Qxe5 dxe5 25. Na4 Bg4 26. Nxc5 Rfc8 27. h3
Rxc5 28. hxg4 Ra5 1/2-1/2

[Event "17MCR_PFA"]
[Site "?"]
[Date "2003.??.??"]
[Round "?"]
[White "Volek, Stanislav"]
[Black "Klempar, Miloslav"]
[Result "1-0"]
[WhiteElo "2265"]
[BlackElo "2250"]
[PlyCount "129"]
[EventDate "2003.??.??"]
[EventType "corr"]
[EventRounds "1"]
[SourceDate "2005.10.25"]

1. d4 Nf6 2. c4 e6 3. Nc3 Bb4 4. Qc2 O-O 5. a3 Bxc3+ 6. Qxc3 b6 7. Bg5 Bb7 8.
f3 h6 9. Bh4 d5 10. e3 Nbd7 11. cxd5 Nxd5 12. Bxd8 Nxc3 13. Bh4 Nd5 14. Bf2 c5
15. Bb5 N5f6 16. Ne2 Rac8 17. O-O cxd4 18. Nxd4 a6 19. Ba4 Ne5 20. Bb3 Bd5 21.
Bc2 Nc6 22. Nxc6 Rxc6 23. Bd3 Bc4 24. Bxc4 Rxc4 25. e4 Rfc8 26. Bxb6 Rb8 27.
Ba5 Rxb2 28. Rac1 Rcc2 29. Rxc2 Rxc2 30. Rd1 Nh5 31. Bb4 Nf4 32. Rd2 Rxd2 33.
Bxd2 Ng6 34. Kf2 f5 35. exf5 exf5 36. Ke3 Kf7 37. Bc3 Nf8 38. Kf4 g6 39. Ke5
Ne6 40. Bd2 h5 41. Kd5 Ke7 42. Kc6 g5 43. a4 g4 44. f4 h4 45. Be3 h3 46. gxh3
gxh3 47. Kb6 Kd6 48. Kxa6 Kc6 49. a5 Nc7+ 50. Ka7 Kb5 51. Kb7 Na6 52. Kc8 Kc6
53. Bg1 Nb4 54. Bf2 Kb5 55. Kd7 Nd3 56. Bg3 Nc5+ 57. Ke7 Kxa5 58. Be1+ Kb5 59.
Kf6 Nd3 60. Bg3 Kc6 61. Kxf5 Kd7 62. Kg6 Nb4 63. f5 Nc6 64. f6 Ke6 65. Bc7 1-0

[Event "17MCR_PFA"]
[Site "?"]
[Date "2003.??.??"]
[Round "?"]
[White "Jirku, Jaroslav"]
[Black "Bosak, Zdenek"]
[Result "1-0"]
[WhiteElo "2265"]
[BlackElo "2250"]
[PlyCount "95"]
[EventDate "2003.??.??"]
[EventType "corr"]
[EventRounds "1"]
[SourceDate "2005.10.25"]

1. e4 c5 2. Nf3 Nc6 3. d4 cxd4 4. Nxd4 Nf6 5. Nc3 e6 6. Ndb5 Bb4 7. a3 Bxc3+ 8.
Nxc3 d5 9. exd5 exd5 10. Bd3 O-O 11. O-O d4 12. Ne2 Bg4 13. Bg5 Qd6 14. Re1
Rfe8 15. Qd2 Bxe2 16. Rxe2 Rxe2 17. Qxe2 Re8 18. Qf3 Ne5 19. Qf4 Nh5 20. Qe4
Qg6 21. Qxg6 hxg6 22. Kf1 Nf6 23. Rd1 Nxd3 24. Rxd3 Ne4 25. Bf4 g5 26. Bd2 Rc8
27. f3 Nc5 28. Rxd4 Ne6 29. Rd7 Rxc2 30. Bc3 b6 31. Rxa7 Nf4 32. g3 Nd3 33. Bd4
Nxb2 34. Bxb6 Nc4 35. Rc7 Rb2 36. Rxc4 Rxb6 37. Rb4 Rc6 38. Rb3 Rc2 39. h3 Kh7
40. Ke1 Rh2 41. g4 Ra2 42. Kd1 Kg6 43. Kc1 Rh2 44. Kb1 Rxh3 45. a4 f5 46. Ka2
Rh4 47. Rb6+ Kf7 48. Rb4 1-0

[Event "17MCR_PFA"]
[Site "?"]
[Date "2003.??.??"]
[Round "?"]
[White "Pytlik, Lesek"]
[Black "Doubek, Svatopluk"]
[Result "1-0"]
[WhiteElo "2260"]
[BlackElo "2255"]
[PlyCount "93"]
[EventDate "2003.??.??"]
[EventType "corr"]
[EventRounds "1"]
[SourceDate "2005.10.25"]

1. e4 e5 2. Nf3 Nc6 3. d4 exd4 4. Nxd4 Nf6 5. Nxc6 bxc6 6. e5 Qe7 7. Qe2 Nd5 8.
c4 Nb6 9. Nc3 Qe6 10. Qe4 Ba6 11. b3 O-O-O 12. Bb2 Re8 13. f4 f6 14. O-O-O fxe5
15. c5 Bxf1 16. cxb6 Ba6 17. bxa7 Kb7 18. fxe5 d5 19. Qe3 Ra8 20. Na4 Bb5 21.
Nc5+ Bxc5 22. Qxc5 Rxa7 23. a4 Be2 24. Rd2 Bh5 25. Rf1 Ra6 26. Bd4 Rb8 27. h3
Ka8 28. Rf8 Be8 29. Rdf2 Qg6 30. Qc3 h5 31. Kd2 h4 32. Bc5 Qg5+ 33. Qe3 Qxe3+
34. Bxe3 c5 35. Bxc5 Re6 36. Rg8 Rxe5 37. Rff8 g6 38. Bf2 Re6 39. b4 Kb7 40.
Bxh4 Kc6 41. g4 Kd7 42. Rg7+ Kc8 43. b5 Ra8 44. Rf4 Kb7 45. Rd4 Re4 46. Rxe4
dxe4 47. Re7 1-0

[Event "17MCR_PFA"]
[Site "?"]
[Date "2003.??.??"]
[Round "?"]
[White "Bosak, Zdenek"]
[Black "Pytlik, Lesek"]
[Result "1/2-1/2"]
[WhiteElo "2250"]
[BlackElo "2260"]
[PlyCount "39"]
[EventDate "2003.??.??"]
[EventType "corr"]
[EventRounds "1"]
[SourceDate "2005.10.25"]

1. e4 e5 2. Nf3 Nc6 3. Nc3 Nf6 4. g3 d5 5. exd5 Nxd5 6. Bg2 Nxc3 7. bxc3 Bc5 8.
O-O O-O 9. Re1 Qf6 10. Qe2 Bg4 11. h3 Bh5 12. g4 Bg6 13. g5 Qd8 14. Nxe5 Re8
15. Bxc6 bxc6 16. d4 Bd6 17. Rb1 Bxe5 18. dxe5 Qd7 19. Kh2 a5 20. f4 1/2-1/2

[Event "17MCR_PFA"]
[Site "?"]
[Date "2003.??.??"]
[Round "?"]
[White "Klempar, Miloslav"]
[Black "Jirku, Jaroslav"]
[Result "1/2-1/2"]
[WhiteElo "2250"]
[BlackElo "2265"]
[PlyCount "110"]
[EventDate "2003.??.??"]
[EventType "corr"]
[EventRounds "1"]
[SourceDate "2005.10.25"]

1. e4 e5 2. Nf3 Nf6 3. Nxe5 d6 4. Nf3 Nxe4 5. d4 d5 6. Bd3 Bd6 7. O-O O-O 8. c4
c6 9. Nc3 Nxc3 10. bxc3 dxc4 11. Bxc4 Bg4 12. Qd3 Nd7 13. Ng5 Nf6 14. h3 Bh5
15. f4 h6 16. g4 hxg5 17. fxg5 b5 18. Bb3 Nxg4 19. hxg4 Qd7 20. gxh5 Qg4+ 21.
Kf2 Rae8 22. Rg1 Qh4+ 23. Kg2 Qh2+ 24. Kf1 Bf4 25. Qf3 Re1+ 26. Kxe1 Qxg1+ 27.
Ke2 Bxc1 28. Rxc1 Qxc1 29. g6 Re8+ 30. Kd3 Qb1+ 31. Kd2 Qe1+ 32. Kd3 Re7 33.
Bxf7+ Kh8 34. Bb3 Re8 35. h6 Qb1+ 36. Bc2 Qxa2 37. Qxc6 Qe6 38. hxg7+ Kxg7 39.
Qxe6 Rxe6 40. c4 bxc4+ 41. Kxc4 Rc6+ 42. Kb3 Rd6 43. Kc4 Rc6+ 44. Kb3 Rb6+ 45.
Kc4 Rb8 46. Kc3 a5 47. Kd2 Rc8 48. Kc1 Rc4 49. Kb2 Rxd4 50. Ka3 Kf6 51. Kb3 Rg4
52. Ka3 Ke5 53. Kb3 Kd4 54. Bf5 Rg5 55. Bc2 Rg2 1/2-1/2

[Event "17MCR_PFA"]
[Site "?"]
[Date "2003.??.??"]
[Round "?"]
[White "Javorsky, Jan"]
[Black "Volek, Stanislav"]
[Result "1-0"]
[WhiteElo "2245"]
[BlackElo "2265"]
[PlyCount "111"]
[EventDate "2003.??.??"]
[EventType "corr"]
[EventRounds "1"]
[SourceDate "2005.10.25"]

1. d4 Nf6 2. c4 e6 3. Nf3 c5 4. d5 d6 5. Nc3 exd5 6. cxd5 g6 7. e4 Bg7 8. Qa4+
Nbd7 9. Be2 O-O 10. O-O a6 11. Bf4 Re8 12. Qc2 b5 13. Nd2 Ne5 14. Rfe1 c4 15.
a4 Rb8 16. axb5 axb5 17. b4 Neg4 18. Bg5 h6 19. Bh4 g5 20. Bg3 Nh5 21. Bxg4
Bxg4 22. h3 Bc8 23. Bh2 f5 24. Ra7 Qb6 25. Rea1 Rb7 26. R7a5 Qd4 27. e5 Bxe5
28. Bxe5 Qxe5 29. Nf3 Qg7 30. Qd2 Bd7 31. Nd4 g4 32. hxg4 Qxg4 33. Ra8 Rxa8 34.
Rxa8+ Kh7 35. Nde2 Nf6 36. Ra6 Ne8 37. Nf4 Qg5 38. Qe3 Kg8 39. g3 Qf6 40. Ra8
Kf7 41. Ne6 Kg6 42. Ne2 Kh7 43. Ra7 Bc8 44. Rxb7+ Bxb7 45. Qa7 Qe7 46. N2d4 c3
47. Nxf5 Qf7 48. Ne3 Kg8 49. Nd8 Qc7 50. Qxb7 Qxd8 51. Qxb5 Qc8 52. Qd3 h5 53.
b5 Qc7 54. Qb1 Qb6 55. Qg6+ Kf8 56. Nf5 1-0

[Event "17MCR_PFA"]
[Site "?"]
[Date "2003.??.??"]
[Round "?"]
[White "Geryk, Miroslav"]
[Black "Novak, Vratislav"]
[Result "0-1"]
[WhiteElo "2235"]
[BlackElo "2265"]
[PlyCount "68"]
[EventDate "2003.??.??"]
[EventType "corr"]
[EventRounds "1"]
[SourceDate "2005.10.25"]

1. e4 e5 2. Nf3 d6 3. d4 exd4 4. Qxd4 a6 5. Be3 Nc6 6. Qd2 Nf6 7. Nc3 Be7 8. h3
b5 9. O-O-O O-O 10. Bd3 Nb4 11. Be2 Be6 12. Nd4 Nxa2+ 13. Nxa2 Bxa2 14. Bf3 a5
15. Rhe1 Be6 16. Nc6 Qe8 17. Nxe7+ Qxe7 18. e5 dxe5 19. Bxa8 Rxa8 20. Qc3 Nd5
21. Qxe5 c6 22. Bd4 Qf8 23. Rd3 Bd7 24. Rg3 f6 25. Qh5 Rd8 26. Re4 Be8 27. Qg4
Bd7 28. Bc5 Bxg4 29. Bxf8 f5 30. Rd4 Rxf8 31. hxg4 fxg4 32. Rdxg4 g6 33. Ra3
Rxf2 34. Rxa5 Kg7 0-1

[Event "17MCR_PFA"]
[Site "?"]
[Date "2003.??.??"]
[Round "?"]
[White "Toman, Antonin"]
[Black "Prchly, Milos"]
[Result "1/2-1/2"]
[WhiteElo "2205"]
[BlackElo "2270"]
[PlyCount "71"]
[EventDate "2003.??.??"]
[EventType "corr"]
[EventRounds "1"]
[SourceDate "2005.10.25"]

1. e4 e5 2. Nf3 Nf6 3. Nxe5 d6 4. Nf3 Nxe4 5. d4 d5 6. Bd3 Nc6 7. O-O Be7 8. c4
Nb4 9. cxd5 Nxd3 10. Qxd3 Qxd5 11. Re1 Bf5 12. Nc3 Nxc3 13. Qxc3 Be6 14. Re5
Qc6 15. Qe1 O-O-O 16. Bg5 Bxg5 17. Nxg5 Rxd4 18. Nxe6 fxe6 19. Rxe6 Qb5 20. Qc3
Qd5 21. Rae1 Rd1 22. Re7 Rxe1+ 23. Rxe1 h6 24. g3 Qd7 25. Qc5 b6 26. Qc3 Rd8
27. Rc1 Kb8 28. b4 Re8 29. b5 Re4 30. Qf3 Rd4 31. Qb3 g5 32. a4 g4 33. f4 gxf3
34. Qxf3 Rxa4 35. Qf8+ Kb7 36. Qf3+ 1/2-1/2

[Event "17MCR_PFA"]
[Site "?"]
[Date "2003.??.??"]
[Round "?"]
[White "Jakimic, Viktor"]
[Black "Vondracek, Emil"]
[Result "1/2-1/2"]
[WhiteElo "2135"]
[BlackElo "2275"]
[PlyCount "101"]
[EventDate "2003.??.??"]
[EventType "corr"]
[EventRounds "1"]
[SourceDate "2005.10.25"]

1. d4 Nf6 2. c4 e6 3. Nc3 d5 4. cxd5 exd5 5. Bg5 Be7 6. Nf3 O-O 7. Qc2 c6 8. e3
Nbd7 9. Bd3 Re8 10. O-O Nf8 11. h3 g6 12. a4 Ne6 13. Bh4 Ng7 14. a5 Bf5 15.
Rfc1 a6 16. Bg5 Bxd3 17. Qxd3 Nf5 18. Qc2 Rc8 19. Qa4 h6 20. Bf4 Bd6 21. Bxd6
Nxd6 22. Ne5 Rc7 23. Qd1 Nde4 24. Rc2 Rce7 25. Nxe4 Nxe4 26. b4 Kg7 27. Nd3 f5
28. Nf4 Qd6 29. Rb1 g5 30. Nd3 Qf6 31. Ne5 Nd6 32. f4 gxf4 33. exf4 Kh8 34. Qh5
Rg8 35. Kh2 Ne4 36. Rb3 Reg7 37. Re3 Kh7 38. Rb2 Ng3 39. Qf3 Qe7 40. Qf2 h5 41.
Qe1 Qd6 42. Nd3 Qf6 43. Re5 Ne4 44. Nc5 Rg3 45. Qf1 R8g7 46. Ne6 R7g6 47. Ng5+
Kg7 48. Qe1 h4 49. Nf3 Kh7 50. Re2 Rg7 51. Qc1 1/2-1/2

[Event "17MCR_PFA"]
[Site "?"]
[Date "2003.??.??"]
[Round "?"]
[White "Barta, Tomas"]
[Black "Kuta, Jiri"]
[Result "1/2-1/2"]
[WhiteElo "1835"]
[BlackElo "2305"]
[PlyCount "85"]
[EventDate "2003.??.??"]
[EventType "corr"]
[EventRounds "1"]
[SourceDate "2005.10.25"]

1. d4 Nf6 2. c4 g6 3. Nc3 Bg7 4. Nf3 d6 5. e4 O-O 6. Be2 e5 7. Be3 Ng4 8. Bg5
f6 9. Bh4 Nd7 10. O-O Nh6 11. dxe5 dxe5 12. b4 Nf7 13. c5 c6 14. Bc4 Qe7 15. a3
g5 16. Bg3 Rd8 17. Qa4 Nf8 18. Rfd1 Be6 19. Bxe6 Nxe6 20. Rxd8+ Qxd8 21. Rd1
Qe8 22. Qb3 Rd8 23. Rxd8 Nfxd8 24. Nd1 Qd7 25. Ne3 Kf8 26. h3 Nf7 27. Nf5 h5
28. Qc2 Nh6 29. Ne3 Nd4 30. Nxd4 Qxd4 31. Qb1 Ke7 32. Kf1 Qc3 33. a4 Kf7 34.
Ke2 h4 35. Bh2 Kg6 36. a5 Ng8 37. Qa2 Nh6 38. Qd2 Qa1 39. Qe1 Qb2+ 40. Kf1 Qb3
41. Kg1 Qd3 42. f3 Nf7 43. Nf5 1/2-1/2

[Event "17MCR_PFA"]
[Site "?"]
[Date "2003.??.??"]
[Round "?"]
[White "Kostal, Jindrich"]
[Black "Dedina, Miroslav"]
[Result "1/2-1/2"]
[WhiteElo "2330"]
[BlackElo "2325"]
[PlyCount "113"]
[EventDate "2003.??.??"]
[EventType "corr"]
[EventRounds "1"]
[SourceDate "2005.10.25"]

1. e4 e5 2. Nf3 Nc6 3. Bb5 a6 4. Ba4 Nf6 5. O-O Nxe4 6. d4 b5 7. Bb3 d5 8. dxe5
Be6 9. Nbd2 Nc5 10. c3 d4 11. Bxe6 Nxe6 12. cxd4 Ncxd4 13. a4 Rb8 14. axb5 axb5
15. Nb3 Nxb3 16. Qxb3 Be7 17. Rd1 Qc8 18. Ra5 c6 19. Be3 O-O 20. Rda1 Rd8 21.
h3 Rd7 22. Kh2 g6 23. Kg1 Bd8 24. Ra6 c5 25. Qc2 c4 26. b3 c3 27. h4 b4 28. h5
Bc7 29. hxg6 hxg6 30. Rc6 Kg7 31. Ng5 Nxg5 32. Bxg5 Qe8 33. Bf6+ Kg8 34. e6
fxe6 35. Rxe6 Qf7 36. Qe4 Rf8 37. Re1 Bd8 38. Bd4 Qf5 39. Rxg6+ Kh7 40. Rc6
Qxe4 41. Rxe4 Be7 42. Kf1 Ra8 43. g3 Rad8 44. Ke2 Rxd4 45. Rxe7+ Kg8 46. Rb7
R8d7 47. Ke3 Kf7 48. Rc4 Rd3+ 49. Ke4 Rxb7 50. Kxd3 Rd7+ 51. Ke4 Rd1 52. g4 Rb1
53. f4 Rxb3 54. g5 Rb1 55. f5 Rg1 56. g6+ Ke7 57. Kd3 1/2-1/2

[Event "17MCR_PFA"]
[Site "?"]
[Date "2003.??.??"]
[Round "?"]
[White "Kuta, Jiri"]
[Black "Kostal, Jindrich"]
[Result "0-1"]
[WhiteElo "2305"]
[BlackElo "2330"]
[PlyCount "54"]
[EventDate "2003.??.??"]
[EventType "corr"]
[EventRounds "1"]
[SourceDate "2005.10.25"]

1. d4 Nf6 2. c4 g6 3. Nc3 Bg7 4. e4 d6 5. f3 O-O 6. Be3 e5 7. d5 Nh5 8. Qd2 f5
9. exf5 gxf5 10. O-O-O Nd7 11. Bd3 Nc5 12. Bc2 Qh4 13. f4 e4 14. Nge2 Qe7 15.
h3 Nf6 16. g4 fxg4 17. hxg4 Bxg4 18. Rdg1 Rae8 19. Ng3 Nd3+ 20. Bxd3 exd3 21.
Bd4 Rf7 22. Qxd3 Kf8 23. Nf5 Bxf5 24. Qxf5 Qd7 25. Qd3 Ng4 26. Rxh7 Bxd4 27.
Rg7 Bxg7 0-1

[Event "17MCR_PFA"]
[Site "?"]
[Date "2003.??.??"]
[Round "?"]
[White "Vondracek, Emil"]
[Black "Barta, Tomas"]
[Result "1-0"]
[WhiteElo "2275"]
[BlackElo "1835"]
[PlyCount "85"]
[EventDate "2003.??.??"]
[EventType "corr"]
[EventRounds "1"]
[SourceDate "2005.10.25"]

1. e4 c5 2. Nc3 Nc6 3. f4 e6 4. Nf3 d5 5. Bb5 Nf6 6. d3 Be7 7. O-O O-O 8. Bxc6
bxc6 9. Qe1 d4 10. Ne2 Ba6 11. b3 Qc7 12. Bd2 Nd7 13. Qg3 Rfe8 14. Rae1 Nf6 15.
Ne5 Bd6 16. c4 Bb7 17. Nf3 Nd7 18. e5 Bf8 19. Qh3 h6 20. Ng3 Bc8 21. Qg4 Kh8
22. Qh5 g6 23. Qh4 Kg8 24. Ne4 Bb7 25. Nd6 Bxd6 26. exd6 Qxd6 27. Qxh6 Qf8 28.
Qh4 f6 29. Qg4 Qf7 30. Nh4 Nf8 31. f5 exf5 32. Nxf5 Qc7 33. Nh6+ Kg7 34. Bg5
fxg5 35. Qxg5 Nh7 36. Nf5+ Kh8 37. Qxg6 Re5 38. Qg3 Rae8 39. Nh4 Qg7 40. Rxe5
Rxe5 41. Ng6+ Kg8 42. Qxe5 Qxe5 43. Nxe5 1-0

[Event "17MCR_PFA"]
[Site "?"]
[Date "2003.??.??"]
[Round "?"]
[White "Prchly, Milos"]
[Black "Jakimic, Viktor"]
[Result "1-0"]
[WhiteElo "2270"]
[BlackElo "2135"]
[PlyCount "99"]
[EventDate "2003.??.??"]
[EventType "corr"]
[EventRounds "1"]
[SourceDate "2005.10.25"]

1. d4 d5 2. c4 c6 3. Nc3 Nf6 4. e3 e6 5. Nf3 Nbd7 6. Bd3 Bd6 7. O-O O-O 8. e4
Nxe4 9. Nxe4 dxe4 10. Bxe4 h6 11. b3 e5 12. Bc2 f5 13. dxe5 Nxe5 14. Bb2 Nxf3+
15. Qxf3 Qc7 16. Rfe1 Bxh2+ 17. Kh1 Bf4 18. Re2 Bd6 19. Rae1 Bb4 20. Rd1 a5 21.
a3 Bc5 22. Kg1 b6 23. Qc3 Rf6 24. Re8+ Kf7 25. Red8 Be7 26. Rh8 Qf4 27. g3 Rg6
28. Bc1 Qg4 29. Qe5 a4 30. b4 h5 31. Bb2 Re6 32. Qxf5+ Qxf5 33. Bxf5 Re2 34.
Bxc8 Rxb2 35. Be6+ Kxe6 36. Rxa8 Rc2 37. Re1+ Kd6 38. Re4 Bf6 39. Rxa4 Rxc4 40.
Rxc4 b5 41. Rc5 bxa4 42. Ra5 h4 43. gxh4 Bxh4 44. Rxa4 Bf6 45. Kf1 Kc7 46. Ke2
Kb6 47. Kd3 c5 48. bxc5+ Kxc5 49. Ra6 Bh4 50. f4 1-0

[Event "17MCR_PFA"]
[Site "?"]
[Date "2003.??.??"]
[Round "?"]
[White "Novak, Vratislav"]
[Black "Toman, Antonin"]
[Result "1-0"]
[WhiteElo "2265"]
[BlackElo "2205"]
[PlyCount "95"]
[EventDate "2003.??.??"]
[EventType "corr"]
[EventRounds "1"]
[SourceDate "2005.10.25"]

1. e4 d5 2. exd5 Nf6 3. d4 Nxd5 4. Nf3 Bg4 5. h3 Bh5 6. c4 Nb6 7. c5 N6d7 8.
Be2 e6 9. O-O Be7 10. Qb3 Qc8 11. Nc3 O-O 12. Be3 c6 13. Bf4 Nf6 14. Rad1 Nbd7
15. Rfe1 b6 16. cxb6 axb6 17. Rc1 Qb7 18. g4 Bg6 19. Nh4 Nd5 20. Nxg6 fxg6 21.
Nxd5 exd5 22. Bb5 Bc5 23. Bd6 Rf6 24. Be7 Bxe7 25. Bxc6 Rxc6 26. Qxd5+ Kh8 27.
Qxc6 Qxc6 28. Rxc6 Bf8 29. a3 Kg8 30. Rc7 Nf6 31. Rb7 Nd5 32. Re5 Rd8 33. h4
Nf4 34. Re4 Nd5 35. g5 Bd6 36. Kf1 Bf4 37. a4 Kf8 38. Kg2 h6 39. gxh6 gxh6 40.
Re6 Bc7 41. Kf3 Kf7 42. Rc6 Rd7 43. Ke4 Kg7 44. b4 h5 45. a5 bxa5 46. bxa5 Nf6+
47. Rxf6 Kxf6 48. a6 1-0

[Event "17MCR_PFA"]
[Site "?"]
[Date "2003.??.??"]
[Round "?"]
[White "Volek, Stanislav"]
[Black "Geryk, Miroslav"]
[Result "1-0"]
[WhiteElo "2265"]
[BlackElo "2235"]
[PlyCount "57"]
[EventDate "2003.??.??"]
[EventType "corr"]
[EventRounds "1"]
[SourceDate "2005.10.25"]

1. d4 Nf6 2. c4 e6 3. Nc3 Bb4 4. Qc2 O-O 5. a3 Bxc3+ 6. Qxc3 b6 7. Bg5 Bb7 8.
f3 c5 9. dxc5 bxc5 10. e3 Nc6 11. O-O-O Ne4 12. fxe4 Qxg5 13. Rxd7 Rab8 14. Nf3
Qg6 15. Bd3 e5 16. Rg1 Bc8 17. Rd5 Qh6 18. Re1 f6 19. Rxc5 Bb7 20. Rb5 Kh8 21.
Kb1 Rfc8 22. Qb3 Rc7 23. Re2 Nd8 24. Qb4 Ne6 25. Qd6 Re8 26. Qxc7 Nxc7 27. Rxb7
Ne6 28. Rxa7 Nc5 29. Bc2 1-0

[Event "17MCR_PFA"]
[Site "?"]
[Date "2003.??.??"]
[Round "?"]
[White "Jirku, Jaroslav"]
[Black "Javorsky, Jan"]
[Result "0-1"]
[WhiteElo "2265"]
[BlackElo "2245"]
[PlyCount "104"]
[EventDate "2003.??.??"]
[EventType "corr"]
[EventRounds "1"]
[SourceDate "2005.10.25"]

1. e4 c5 2. Nf3 Nc6 3. d4 cxd4 4. Nxd4 Nf6 5. Nc3 d6 6. Bg5 e6 7. Qd2 a6 8.
O-O-O Bd7 9. f4 b5 10. Bxf6 gxf6 11. Kb1 Qb6 12. Nce2 Rc8 13. g3 b4 14. Bg2 a5
15. Rhe1 a4 16. Nxc6 Bxc6 17. Nd4 Bb7 18. Bf1 Rc5 19. Bd3 Be7 20. Qe2 O-O 21.
Qg4+ Kh8 22. Qh4 Qd8 23. e5 f5 24. Qh3 dxe5 25. Nxf5 e4 26. Bb5 Bd5 27. Nxe7
Qxe7 28. Bxa4 Ra8 29. b3 Rac8 30. Rd2 Rxc2 31. Rxc2 Rxc2 32. Kxc2 Qc5+ 33. Kd1
Qd4+ 34. Ke2 Qd3+ 35. Kf2 Qf3+ 36. Kg1 e3 37. Rxe3 Qxe3+ 38. Kf1 Qd3+ 39. Kf2
Qd2+ 40. Kf1 Qd1+ 41. Kf2 Kg7 42. Qh4 h6 43. Qh3 Qc2+ 44. Ke3 Qc5+ 45. Ke2 Bb7
46. Qg4+ Kf8 47. Ke1 Qg1+ 48. Kd2 Qxh2+ 49. Ke1 f5 50. Qe2 Qxg3+ 51. Qf2 Qc3+
52. Kf1 Qc1+ 0-1

[Event "17MCR_PFA"]
[Site "?"]
[Date "2003.??.??"]
[Round "?"]
[White "Pytlik, Lesek"]
[Black "Klempar, Miloslav"]
[Result "1-0"]
[WhiteElo "2260"]
[BlackElo "2250"]
[PlyCount "91"]
[EventDate "2003.??.??"]
[EventType "corr"]
[EventRounds "1"]
[SourceDate "2005.10.25"]

1. e4 c5 2. Nf3 d6 3. d4 cxd4 4. Nxd4 Nf6 5. Nc3 a6 6. Bg5 e6 7. f4 Be7 8. Qf3
Qc7 9. O-O-O Nbd7 10. g4 b5 11. Bxf6 Nxf6 12. g5 Nd7 13. f5 Nc5 14. h4 b4 15.
Nb1 Bb7 16. fxe6 fxe6 17. Nd2 e5 18. Nf5 O-O 19. Qg4 Kh8 20. g6 Rac8 21. Rh2
Nd7 22. Bd3 Nf6 23. Qg5 Bd8 24. Rf2 d5 25. exd5 Bxd5 26. Ne3 Bg8 27. gxh7 Nxh7
28. Qg2 Rxf2 29. Qxf2 Nf6 30. Kb1 a5 31. h5 a4 32. Qg2 a3 33. Bf5 Qf7 34. b3
Rc5 35. Ne4 Nxe4 36. Bxe4 Bf6 37. Rf1 Qe6 38. h6 gxh6 39. Rh1 Bg7 40. Nf5 Qf6
41. Nxg7 Qxg7 42. Qd2 Bh7 43. Rxh6 Qg1+ 44. Qc1 Qxc1+ 45. Kxc1 Rc7 46. c4 1-0

[Event "17MCR_PFA"]
[Site "?"]
[Date "2003.??.??"]
[Round "?"]
[White "Klempar, Miloslav"]
[Black "Doubek, Svatopluk"]
[Result "1-0"]
[WhiteElo "2250"]
[BlackElo "2255"]
[PlyCount "121"]
[EventDate "2003.??.??"]
[EventType "corr"]
[EventRounds "1"]
[SourceDate "2005.10.25"]

1. e4 e5 2. Nf3 Nc6 3. Bb5 a6 4. Ba4 Nf6 5. O-O Be7 6. Re1 b5 7. Bb3 d6 8. c3
O-O 9. h3 Na5 10. Bc2 c5 11. d4 cxd4 12. cxd4 Bb7 13. Nc3 Qc7 14. a3 Rfe8 15.
d5 Rac8 16. Re2 Nd7 17. Na2 Nc4 18. b3 Ncb6 19. Be3 f5 20. Rc1 Qd8 21. Nb4 Nf6
22. Ng5 Nfxd5 23. exd5 Bxg5 24. Bxf5 Bxe3 25. Bxc8 Bxc1 26. Bxb7 Bxa3 27. Nxa6
Rf8 28. Bc6 Rf4 29. Bxb5 Rd4 30. Rd2 Bc5 31. Nxc5 dxc5 32. Rxd4 exd4 33. Qh5
Nc8 34. Qe5 Nd6 35. Bd3 Nf7 36. Qe6 g6 37. Kf1 Qd6 38. Ke2 Qxe6+ 39. dxe6 Nd6
40. f4 Kg7 41. g4 Kf6 42. f5 gxf5 43. gxf5 Nc8 44. h4 Ne7 45. Kd2 Nc6 46. Be4
Ne5 47. Bb1 Ke7 48. Bd3 Kf6 49. Ke2 Ke7 50. Be4 Kf6 51. Kf2 Ng4+ 52. Kf3 Ne3
53. Kf4 Nd1 54. Bd3 Nc3 55. Bc4 Nd1 56. Ke4 Nc3+ 57. Kd3 Nd1 58. Bd5 Ne3 59.
Be4 h6 60. b4 cxb4 61. Kxd4 1-0

[Event "17MCR_PFA"]
[Site "?"]
[Date "2003.??.??"]
[Round "?"]
[White "Geryk, Miroslav"]
[Black "Jirku, Jaroslav"]
[Result "0-1"]
[WhiteElo "2235"]
[BlackElo "2265"]
[PlyCount "48"]
[EventDate "2003.??.??"]
[EventType "corr"]
[EventRounds "1"]
[SourceDate "2005.10.25"]

1. e4 e5 2. Nf3 Nc6 3. d4 exd4 4. Nxd4 Nf6 5. Nxc6 bxc6 6. e5 Qe7 7. Qe2 Nd5 8.
c4 Ba6 9. b3 Qh4 10. a3 Bc5 11. g3 Bxf2+ 12. Qxf2 Qe4+ 13. Kd1 Qxh1 14. Nd2 f5
15. Kc2 f4 16. gxf4 Nxf4 17. e6 O-O-O 18. exd7+ Kb8 19. Bb2 Rxd7 20. Qxf4 Rhd8
21. Bc3 Qg1 22. Re1 Qg6+ 23. Ne4 Bc8 24. Qg5 Qf7 0-1